Sobrančan noviny občanov mesta Sobrance

Bibliographic Details
Format: Journal
Language:Slovak
PhysicalDescription:zv. 30 cm
Vydanie na CD ROMe: Sobrančan (CD ROM)
Published: Sobrance Mesto Sobrance 2007-
ISSN:1339-1054
Subjects:
Online Access:https://www.sobrance.sk/mestske-noviny.html

MARC

LEADER 00000cas a2200000 a 4500
001 vtls009183263
003 SK-MaSNL
005 20260430235148.0
008 080212c20079999xo qr|p 0 b0slo
022 |a 1339-1054 
040 |a SNK  |b slo  |c SNK  |d SVKPO  |e AACR2 
041 0 |a slo 
043 |a e-xo--- 
044 |a xo  |c SK 
072 7 |a 352/354  |x Stupne miestnej, oblastnej a ústrednej správy  |2 konspekt 
072 7 |a 316.7  |x Sociológia kultúry. Kultúrny život  |2 konspekt 
072 7 |a 394  |x Verejný a spoločenský život. Každodenný život  |2 konspekt 
080 |a 353.9  |2 2011 
080 |a 316.728  |2 2011 
080 |a 394  |2 2011 
080 |a (437.672)  |2 2011 
080 |a 050  |2 2011 
080 |a (051)+(054)  |2 2011 
210 0 |a Sobrančan 
222 0 |a Sobrančan 
245 0 0 |a Sobrančan  |b noviny občanov mesta Sobrance 
260 |a Sobrance  |b Mesto Sobrance  |c 2007- 
300 |a zv.  |c 30 cm 
310 |a 4x ročne 
362 0 |a Roč. 1, č. 1 (2007)-roč. 8, č. 1 (2014) ; roč. 1, č. 1 (2018) - 
500 |a Vychádzal do r. 2014, obnovené vydávanie od r. 2018 ako roč. 1 
500 |a Registračné č.: RP 338/2007 ; EV 5607/18 
530 |a Vydanie na CD ROMe: Sobrančan (CD ROM) 
650 0 7 |a územná samospráva  |2 SNKPH  |9 802 
650 0 7 |a každodenný život  |2 SNKPH  |9 4946 
650 0 7 |a spoločenský život  |2 SNKPH  |9 28654 
651 7 |a Sobrance (Slovensko)  |2 SNKPHgeo  |9 23785 
655 7 |a miestne periodiká  |2 SNKPH  |9 160938 
776 0 |t Sobrančan (CD ROM) 
856 4 1 |u https://www.sobrance.sk/mestske-noviny.html 
910 |a snk 
910 |a svkpo 
999 |c 4356  |d 6286 
952 |t č. 1-3 + 1 príl.  |a SNK  |b SNK  |y PREZ  |7 0  |p 17A1464705  |o snkČSB 7438/2/2019  |i snk2022/16603  |8 0  |0 0  |1 0  |4 0  |d 2022-11-03  |l 0  |r 2026-02-21 20:11:04  |w 2026-02-21 
952 |t č. 1-3  |a SNK  |b SNK  |y PREZ  |7 0  |p 17A1464706  |o snkČSB 7438/3/2020  |i snk2022/16604  |8 0  |0 0  |1 0  |4 0  |d 2022-11-03  |l 0  |r 2026-02-21 20:11:04  |w 2026-02-21 
952 |t č. 1-2 + 2 príl.  |a SNK  |b SNK  |y PREZ  |7 0  |p 17A1385395  |o snkČSB 7438/1/2007  |i snk2019/32287  |8 0  |z Príl.: v č. 2 - Všeobecne záväzné nariadenie ; Vianočná príloha. ; Spoločne zviazané r. 2007-2010  |3 Spoločne zviazané r. 2007-2010  |0 0  |1 0  |4 0  |d 2019-12-17  |l 0  |r 2026-02-21 22:15:44  |w 2026-02-21 
952 |t č. 1-4 + 2 príl.  |a SNK  |b SNK  |y PREZ  |7 0  |p 17A1385394  |o snkČSB 7438/2/2008  |i snk2019/32287  |8 0  |z Príl.: v č. 1 - Všeobecne záväzné nariadenie ; Veľkonočná príloha. ; Spoločne zviazané r. 2007-2010  |3 Spoločne zviazané r. 2007-2010  |0 0  |1 0  |4 0  |d 2019-12-17  |l 0  |r 2026-02-21 22:15:44  |w 2026-02-21 
952 |t č. 1-4  |a SNK  |b SNK  |y PREZ  |7 0  |p 17A1385393  |o snkČSB 7438/3/2009  |i snk2019/32287  |8 0  |z Spoločne zviazané r. 2007-2010  |3 Spoločne zviazané r. 2007-2010  |0 0  |1 0  |4 0  |d 2019-12-17  |l 0  |r 2026-02-21 22:15:44  |w 2026-02-21 
952 |t č. 1-4  |a SNK  |b SNK  |y PREZ  |7 0  |p 17A1385392  |o snkČSB 7438/4/2010  |i snk2019/32287  |8 0  |z Spoločne zviazané r. 2007-2010  |3 Spoločne zviazané r. 2007-2010  |0 0  |1 0  |4 0  |d 2019-12-17  |l 0  |r 2026-02-21 22:15:44  |w 2026-02-21 
952 |t č. 1-3  |a SNK  |b SNK  |y PREZ  |7 0  |p 17A1385391  |o snkČSB 7438/5/2011  |i snk2019/32295  |8 0  |z Spoločne zviazané r. 2011-2014,2018  |3 Spoločne zviazané r. 2011-2014,2018  |0 0  |1 0  |4 0  |d 2019-12-17  |l 0  |r 2026-02-21 22:15:44  |w 2026-02-21 
952 |t č. 1-4  |a SNK  |b SNK  |y PREZ  |7 0  |p 17A1385390  |o snkČSB 7438/6/2012  |i snk2019/32295  |8 0  |z Spoločne zviazané r. 2011-2014,2018  |3 Spoločne zviazané r. 2011-2014,2018  |0 0  |1 0  |4 0  |d 2019-12-17  |l 0  |r 2026-02-21 22:15:44  |w 2026-02-21 
952 |t č. 1-4  |a SNK  |b SNK  |y PREZ  |7 0  |p 17A1385389  |o snkČSB 7438/7/2013  |i snk2019/32295  |8 0  |z Spoločne zviazané r. 2011-2014,2018  |3 Spoločne zviazané r. 2011-2014,2018  |0 0  |1 0  |4 0  |d 2019-12-17  |l 0  |r 2026-02-21 22:15:44  |w 2026-02-21 
952 |t č. 1-4, neúplné  |a SNK  |b SNK  |y PREZ  |7 0  |p 17A1385388  |o snkČSB 7438/8/2014  |i snk2019/32295  |8 0  |z Chýba č. 2,3,4. ; Spoločne zviazané r. 2011-2014,2018  |3 Spoločne zviazané r. 2011-2014,2018  |0 0  |1 0  |4 0  |d 2019-12-17  |l 0  |r 2026-02-21 22:15:44  |w 2026-02-21 
952 |t č. 1-3  |a SNK  |b SNK  |y PREZ  |7 0  |p 17A1385387  |o snkČSB 7438/1/2018  |i snk2019/32295  |8 0  |z Spoločne zviazané r. 2011-2014,2018  |3 Spoločne zviazané r. 2011-2014,2018  |0 0  |1 0  |4 0  |d 2019-12-17  |l 0  |r 2026-02-21 22:15:44  |w 2026-02-21